Les surnoms des equipes de foot - Statistiques

Statistiques générales
  • Ce quiz a été pris 208 fois
  • Le résultat moyen est 13 sur 30
Statistiques - réponses
Surnoms Pays % Correct
Les Bleus France
100%
La Seleccao Bresil
91%
Les Diables rouges Belgique
84%
La Mannschaft Allemagne
83%
Les Fennecs Algerie
82%
L'Albiceleste Argentine
72%
Oranje Pays bas
71%
The Three Lions Angleterre
70%
Les Lions de l'Atlas Maroc
70%
La Squadra Azzura Italie
69%
Les éléphants Cote d'Ivoire
68%
La Nati Suisse
53%
La Celeste Uruguay
49%
La FuriaRoja Espagne
46%
Les Bafana-Bafana Afrique du sud
38%
Les Black Stars Ghana
38%
Les Super Eagles Nigeria
34%
La Seleccao das Quinas Portugal
34%
Les Yanks USA
32%
Les All white Nouvelle zelande
30%
Les Léopards République democratique du Congo
25%
La Roja Chili
21%
Les Socceroos Australie
21%
Les Eperviers Togo
17%
Les Guerriers Taegeuk Corée du sud
14%
Les Pantheres Gabon
14%
La Serenissima Saint Marin
8%
Chollima Corée du nord
5%
Les Croisés Georgie
4%
Les Grands Ducs Finlande
2%
Aucun quiz correspondant
Distribution des résultats
% des personnes avec chaque résultat
Percentile par nombre de réponses
Votre historique - résultats
Vous n’avez pas pris ce quiz